| 000 | 01139nam a2200241Ia 4500 | ||
|---|---|---|---|
| 999 |
_c53293 _d53293 |
||
| 001 | 20334 | ||
| 003 | GE_BSU | ||
| 005 | 20200920143310.0 | ||
| 008 | 181216s1969||||ge |||||||||||||| ||geo|| | ||
| 040 | _cGE_BSU | ||
| 041 | _ageo | ||
| 080 | _a811.353.1(072) ჭ-33 | ||
| 100 |
_aჭეიშვილი, ლია _99540 |
||
| 245 |
_aმოსწავლეთა მეტყველების განვითარება ქართული ენის გაკვეთილებზე V კლასში / _cლია ჭეიშვილი ; რედ. მ. ღვინიაშვილი. |
||
| 264 |
_aთბილისი : _bგანათლება, _c1969. |
||
| 300 |
_a146 გვ. ; _c 21სმ. |
||
| 541 | _h50თ. | ||
| 653 | _aმოსწავლეთა მეტყველების განვითარება | ||
| 653 | _a ქართული ენის სწავლების მეთოდიკა | ||
| 653 | _aქართული ენა | ||
| 700 |
_aღვინიაშვილი, მ. _eრედაქტორი _99541 |
||
| 942 |
_cBK _2udc |
||